000 00434nam a2200157 4500
005 20251014152943.0
008 251014b |||||||| |||| 00| 0 eng d
020 _a978-0-7355-2237-4
040 _aNational Science Library
_cNational Science Library
080 _a347.77
_bP8
100 _aKahrl, Robert C
245 _aPatent claim construction
260 _aUSA:
_bAspen Publisher,
_c2007
650 _aPatent
942 _2udc
_cBK
999 _c67831
_d67831